000 03121cam a2200337 a 4500
999 _c532209
_d532209
001 16548542
003 NUST
005 20191113094855.0
008 101122s2011 enkae b 000 0 eng
010 _a 2010049556
020 _a9781444336689 (pbk.)
038 _aMSOHAIL
040 _aDLC
_cDLC
_dDLC
042 _apcc
050 0 0 _aTH146
_b.C658 2011
082 0 0 _a690
_222
084 _aTEC005000
_2bisacsh
100 1 _aCooke, B.
_q(Brian)
_925578
245 1 0 _aConstruction practice /
_cBrian Cooke.
260 _aChichester, West Sussex ;
_aHoboken, N.J. :
_bWiley-Blackwell,
_c2011.
300 _aviii, 392 p. :
_bill. (chiefly col.), plans ;
_c25 cm.
504 _aIncludes bibliographical references.
520 _a"Construction is a highly practical subject. Students on all built environment degree programmes are expected to know and understand building technology from both a theoretical and practical standpoint. Construction site visits are a popular way for students to become acquainted with the practical aspects of construction, but these visits can only show students a small proportion of the technology of construction. Based around a series of full colour photographic sequences, augmented by carefully chosen line illustrations and text, Construction Practice provides students with a comprehensive overview of practical construction technology. The sequences follow a logical progression through the subject and include contemporary and established practice, as well as modern methods of construction. The book also includes some examples of continental European construction methods where these differ from established UK practice"--
_cProvided by publisher.
520 _a"Construction is a highly practical subject. Students on all built environment degree programmes are expected to know and understand building technology from both a theoretical and practical standpoint. Construction site visits are a popular way for students to become acquainted with the practical aspects of construction, but these visits can only show students a small proportion of the technology of construction. Based around a series of full colour photographic sequences, augmented by carefully chosen line illustrations and text, Construction Practice provides students with a comprehensive overview of practical construction technology. The sequences follow a logical progression through the subject and include contemporary and established practice, as well as modern methods of construction. The book also includes some examples of continental European construction methods where these differ from established UK practice"--
_cProvided by publisher.
650 0 _aBuilding.
_925579
650 7 _aTECHNOLOGY & ENGINEERING / Construction / General
_2bisacsh.
_925580
856 4 2 _3Cover image
_uhttp://catalogimages.wiley.com/images/db/jimages/9781444336689.jpg
906 _a7
_bcbc
_corignew
_d1
_eecip
_f20
_gy-gencatlg
942 _2ddc
_cBK